| 000 | 02586nam a2200385 i 4500 | ||
|---|---|---|---|
| 001 | 197099 | ||
| 003 | ES-MaACL | ||
| 005 | 20250824063101.0 | ||
| 008 | 250407s2025 esp| ||| |||||||spa|| | ||
| 017 |
_aB 2426-2025 _bOficina Depósito Legal Barcelona |
||
| 020 | _a9788423438693 | ||
| 040 |
_aM-BCD _bspa _cM-BCD |
||
| 072 | 7 | _a02 | |
| 072 | 7 | _a10 | |
| 072 | 7 | _a15 | |
| 100 | 1 |
_aDezcallar, Rafael _9240004 _eaut |
|
| 245 | 1 | 3 |
_aEl ascenso de China : _buna mirada a la otra gran potencia / _cRafael Dezcallar. |
| 250 | _aPrimera edición: marzo 2025 | ||
| 260 |
_aBarcelona : _bDeusto, _c2025. |
||
| 300 |
_a350 páginas ; _c23 cm. |
||
| 336 |
_aTexto (visual) _2rdacontent |
||
| 337 |
_asin mediaciâon. _2rdamedia |
||
| 338 |
_2rdacarrier _avolumen |
||
| 504 | _aBibliografía: páginas [349]-350. | ||
| 520 | 3 | _aResumen: "China, un país enigmático durante siglos, ha mudado de piel para convertirse hoy en una potencia que compite con Estados Unidos por la hegemonía mundial. En tan solo cuarenta años ha pasado de vivir inmersa en la miseria a convertirse en una nación que acapara el 17 por ciento del PIB mundial. Con una clase media de cuatrocientos millones de personas y más multimillonarios que ningún otro país, China ha asombrado al mundo siguiendo su peculiar receta capitalista-leninista. ¿Cómo lo ha logrado? {Hasta dónde puede llegar? Y, sobre todo, ¿qué debemos esperar de esta nueva gran potencia, la única con capacidad de hacer sombra a Estados Unidos? Este libro es un retrato inteligente de los éxitos, retos y contradicciones del gigante asiático. Un profundo análisis para explicar los motivos que hay detrás de su sorpresiva irrupción en el tablero internacional. Solo alguien que ha vivido allí y se ha codeado con sus dirigentes puede dar respuesta a estas cuestiones. Rafael Dezcallar, embajador de España en el país de 2018 a 2024, analiza en El ascenso de China las claves de una nación que plantea un desafío económico e ideológico sin precedentes. ¿Será el siglo xxi el siglo de China?..." | |
| 651 | 0 |
_aChina _9240007 |
|
| 653 | _a2011-2020. | ||
| 653 | _a2021-2030. | ||
| 852 |
_aES-MaACL _cDEPOJ _jN-10537 _9206660 _q _gDedicatoria autógrafa del autor _hDonación: Rafael Dezcallar _xEncuadernación rústica con solapas |
||
| 903 |
_9240004 _aDezcallar, Rafael _ednr |
||
| 942 |
_cMONOGRAFIA _n0 |
||
| 999 |
_c197099 _d197099 |
||